Ground-water resources of Rapides Parish, Louisiana, (Record no. 27616)

MARC details
000 -LEADER
fixed length control field 01108cam a22002771 4500
001 - CONTROL NUMBER
control field gs 40000075
003 - CONTROL NUMBER IDENTIFIER
control field DLC
005 - DATE AND TIME OF LATEST TRANSACTION
control field 20260227111345.0
008 - FIXED-LENGTH DATA ELEMENTS--GENERAL INFORMATION
fixed length control field 790611s1940 laua b s000 0 eng
010 ## - LIBRARY OF CONGRESS CONTROL NUMBER
LC control number gs 40000075
035 ## - SYSTEM CONTROL NUMBER
System control number (OCoLC)5054118
040 ## - CATALOGING SOURCE
Original cataloging agency DLC
Transcribing agency TxCM
Modifying agency OCoLC
-- DLC
042 ## - AUTHENTICATION CODE
Authentication code premarc
050 00 - LIBRARY OF CONGRESS CALL NUMBER
Classification number QE117
Item number .A22 no. 17
100 1# - MAIN ENTRY--PERSONAL NAME
Personal name Maher, John Charles,
Dates associated with a name 1914-
245 10 - TITLE STATEMENT
Title Ground-water resources of Rapides Parish, Louisiana,
Statement of responsibility, etc. by John C. Maher.
260 ## - PUBLICATION, DISTRIBUTION, ETC.
Place of publication, distribution, etc. New Orleans, La.,
Name of publisher, distributor, etc. Dept. of Conservation, Louisiana Geological Survey,
Date of publication, distribution, etc. 1940.
300 ## - PHYSICAL DESCRIPTION
Extent xii, 96, [4] p.
Other physical details illus.
490 1# - SERIES STATEMENT
Series statement Louisiana. Dept. of Conservation. Geological bulletin
Volume/sequential designation no. 17
500 ## - GENERAL NOTE
General note At head of title: State of Louisiana. Dept. of Conservation. In cooperation with United States Department of the Interior, Geological Survey.
504 ## - BIBLIOGRAPHY, ETC. NOTE
Bibliography, etc. note Bibliography: p. 85-87.
650 #0 - SUBJECT ADDED ENTRY--TOPICAL TERM
Topical term or geographic name entry element Groundwater
Geographic subdivision Louisiana
-- Rapides Parish.
650 #0 - SUBJECT ADDED ENTRY--TOPICAL TERM
Topical term or geographic name entry element Water-supply
Geographic subdivision Louisiana
-- Rapides Parish.
710 2# - ADDED ENTRY--CORPORATE NAME
Corporate name or jurisdiction name as entry element Geological Survey (U.S.)
810 2# - SERIES ADDED ENTRY--CORPORATE NAME
Corporate name or jurisdiction name as entry element Louisiana Geological Survey.
Title of a work Geological bulletin ;
Volume/sequential designation no. 17.

No items available.

Powered by Koha